Premios Oscar - Todas las Nominaciones a Mejor Película Animada - Estadísticas

Estadísticas generales
  • Esta prueba ha sido intentada 76 veces
    68 desde el último reinicio
  • La puntuación promedio es 46 de 94
Estadísticas de respuestas
Imagen Respuesta % Correcto
La era de hielo
98%
Up
98%
WALL-E
98%
Cars
97%
Los Increíbles
97%
Shrek
95%
Shrek 2
95%
El Gato con Botas
93%
Kung Fu Panda
93%
Toy Story 3
93%
Bolt
92%
Valiente
92%
Cómo entrenar a tu dragón
90%
Frozen
90%
Kung Fu Panda 2
90%
Buscando a Nemo
88%
Ratatouille
88%
Intensa-Mente
86%
Coco
83%
Coraline y la puerta secreta
83%
Toy Story 4
81%
Grandes héroes
80%
Lilo y Stitch
80%
Los Increíbles 2
80%
Cómo entrenar a tu dragón 2
78%
Moana
78%
Tierra de osos
78%
Rango
76%
Spirit: El corcel indomable
76%
Zootopia
75%
Monsters, Inc.
73%
Soul
73%
Como Entrenar a tu Dragón: El Mundo Oculto
69%
Encanto
68%
Happy Feet: El pingüino
68%
El espantatiburones
64%
Jimmy Neutrón: El niño genio
64%
Los Croods
64%
El viaje de Chihiro
63%
La princesa y el sapo
63%
Luca
63%
Ralph el Demoledor
61%
El Gato con Botas: El último deseo
58%
Pinocho de Guillermo del Toro
56%
El cadáver de la novia
51%
Mi villano favorito 2
51%
Monster House: La casa de los sustos
49%
Un jefe en pañales
46%
Frankenweenie
42%
El planeta del tesoro
41%
Unidos
41%
El fantástico Sr. Zorro
37%
Wallace y Gromit: La batalla de los vegetales
37%
Klaus
36%
Olé, el viaje de Ferdinand
32%
Reyes de las olas
32%
ParaNorman
31%
Spider-Man: Un nuevo universo
31%
Persépolis
29%
Raya y el último dragón
27%
Turning Red
27%
Wifi Ralph
27%
El increíble castillo vagabundo
24%
¡Piratas! Una loca aventura
24%
Isla de perros
22%
La tortuga roja
20%
Anomalisa
17%
Cartas de Van Gogh
17%
El ilusionista
17%
El secreto del libro de Kells
17%
Chico y Rita
15%
Los Boxtrolls
14%
Marcel, el caracol con zapatos
14%
Se levanta el viento
14%
El cuento de la princesa Kaguya
12%
Las trillizas de Belleville
12%
El pan de la guerra
10%
La canción del mar
10%
La vida de Calabacín
10%
Los Mitchell vs. las máquinas
10%
Shaun, el cordero: La película
10%
Un gato en París
10%
Wolfwalkers
10%
Ernest y Celestine
8%
Kubo y la búsqueda samurái
8%
El niño y el mundo
7%
Flee
7%
Perdí mi cuerpo
7%
Shaun, el Cordero: La película - Granjaguedon
7%
Mirai, mi hermana pequeña
5%
Sr. Link
5%
El recuerdo de Marnie
3%
Más allá de la luna
3%
Monstruo del mar
3%
No se encontraron pruebas coincidentes
Distribución de puntuación
Porcentaje de gente con cada puntuación
Porcentaje por número respondido
Historial de tus puntuaciones
No has intentado esta prueba desde el último reinicio